LEADER 01320nam a2200289 u 4500 001 000000089212 003 CaOOAMICUS 005 20070226124607.0 008 051114s1965 it u000 u ita u 035 $a11068455 040 $aPUL(R)$bita 041 1 $aita$hfre 100 1 $aGuittard, Louis.$0(OLS)http://pul/name/57270 240 10$aPédagogie religieuse des adolescents.$lItaliano.$0(OLS)http://pul/title/115222 245 10$aPedagogia religiosa des adolescenti /$cLouis Guittard ; presentazione di Fr. Sigismondo Barbano. 260 $a[Roma] :$bPaoline,$cstampa 1965. 300 $a422 p. ;$c19 cm 490 1 $aBiblioteca di cultura religiosa. Seconda serie ;$v101 504 $aBibliografia: p. [412]-418. 650 4$aPedagogia e religione.$0(OLS)http://pul/subject/26450 650 4$aFanciulli$xEducazione religiosa.$0(OLS)http://pul/subject/29127 830 0$aBiblioteca di cultura religiosa (Edizioni Paoline).$nSeconda serie ;$v101.$0(OLS)http://pul/title/20209 850 $aPUL 852 $aPUL$W1$xDP1 Fondo Pastorale$y55$mP10 C 25$j112837$nBK-PRI$b $qFondi$B112837$CPULBib$Z2$F112837 $H $81 941 1 $a1 996 $6245$aPedagogia religiosa des adolescenti$9(OLS)http://pul/title/115223 996 $6260$a[Roma] :$bPaoline$9(OLS)http://pul/publisher/52049 LEADER 01141nam a2200277 u 4500 001 000000057660 003 CaOOAMICUS 005 20070226120615.0 008 010515s1999 it u000 u ita u 020 $a8813221010 035 $a10888780 040 $aMSA$bita 100 1 $aMiele, Manlio.$0(OLS)http://pul/name/40199 245 10$aSui capitoli cattedrali in Italia /$cManlio Miele. 260 $aPadova :$bCEDAM,$c1999. 300 $a104 p. ;$c24 cm 500 $aIn testa al front.: Università degli studi di Padova, Dipartimento di storia e filosofia del diritto e diritto canonico. 504 $aBibliografia in nota. 650 4$aCapitoli di cattedrali$zItalia$xDiritto canonico.$0(OLS)http://pul/subject/22929 850 $aPUL 852 $aPUL$W1$xSL Diritto Canonico 1$y5$m162 B 31$j75379$nBK-PRI$b $qStampati$B75379$CPULBib$Z2$F75379 $H $81 941 1 $a8 961 $aINV: 88444 996 $6020$a8813221010$9(OLS)http://pul/number/72885 996 $6245$aSui capitoli cattedrali in Italia$9(OLS)http://pul/title/77201 996 $6260$aPadova :$bCEDAM$9(OLS)http://pul/publisher/48126